Murdoch Mysteries Characters - Statistics

General Stats
  • This quiz has been taken 39 times
  • The average score is 12 of 15
Answer Stats
Hint Answer % Correct
Constable that is actually smart despite his clumsy demeanor Constable George Crabtree
100%
The main detective of station house four Detective William Murdoch
100%
The old british man in charge of station house four Inspector Thomas Brackenreid
100%
The above's wife and respected doctor Dr. Julia Ogden
97%
Wife of the above Margaret Brackenreid
94%
Constable who married Ruth Newsome Constable Henry Higgins
91%
Originally a detective at sation house one then moved to four Detective Llewelyn Watts
84%
Wife of the above Effie Newsome
84%
A butcher and boyfriend of the above Jack Walker
81%
Reoccurring villain between season 2 and 10 James Gilles
75%
A master inventor and friend of the main character James Pendrick
75%
A spy who works for the Canadian government who accidently went to space Terrence Meyers
72%
Father or son of the main character Harry Murdoch
63%
Helped the main character whilst he was in London and suffering from amnesia Anna Fulford
59%
Her girlfriend blew up the day they were supposed to leave together Dr. Emily Grace
56%
No matching quizzes found
Score Distribution
Percent of People with Each Score
Percentile by Number Answered
Your Score History
You have not taken this quiz